| 000 | 00450nam a2200169 i 4500 | ||
|---|---|---|---|
| 001 | 26868 | ||
| 003 | ES-MaACL | ||
| 005 | 20230906153520.0 | ||
| 007 | t| | ||
| 008 | 030110s1986 sp ||||1| spa d | ||
| 020 | _a84-7676-010-8 | ||
| 100 | 1 |
_aÁvila Álvarez, Pedro. _924051 |
|
| 245 | 1 | 0 |
_aDerecho notarial / _cPedro Avila Alvarez. |
| 260 |
_aBarcelona : _bBosch, _c1986. |
||
| 300 |
_a523 p. ; _c22 cm. |
||
| 852 |
_aES-MaACL _jL-10273 _bR.112405 |
||
| 999 |
_c26868 _d26868 |
||